000 00665nam a2200241 i 4500
001 C2-0217273
003 PPAK
005 20180728105724.0
008 990617s1987 io a|||| ||||| | may d
040 _aPPAK
_beng
_cPPAK
_erda
082 0 4 _a899.233
_2 23
090 0 0 _a899.233
_bTMA
_dKSA
100 0 _aT.Marga,
_eauthor
245 1 0 _aBatas masa silam
_bBalada sungai musi
250 _aPandupaksi
264 1 _aJakarta, Indonesia :
_bAlam Budaya ,
_c1987
300 _a333 pages :
_billustrations ;
_c18 cm
336 _2rdacontent
_atext
337 _2rdamedia
_aunmediated
338 _2rdacarrier
_avolume
650 1 0 _aMalay fiction
942 _ddc
_cB
999 _c160513
_d160513